Get the Picture: Where's 'A' in the World? Quiz Stats

 Plays Quiz Updated Jun 25, 2019

Score 0/16 Timer 02:00
1 Play Today
Question Answer Wrong Answers
Atlanta Northwest
95.3%
Northeast
0.7%
Southwest
0.3%
Southeast
0.4%
Auckland Southeast
91%
Northwest
2.7%
Northeast
2.2%
Southwest
0.6%
Anchorage Northwest
90.9%
Northeast
2.4%
Southwest
1%
Southeast
2.2%
Ahmedabad Northeast
90.6%
Northwest
1.2%
Southwest
1.6%
Southeast
2.9%
Ankara Northeast
87.1%
Northwest
4.5%
Southwest
1.7%
Southeast
3.3%
Adelaide Southeast
84%
Northwest
5.1%
Northeast
5.4%
Southwest
2%
Athens Northeast
83.8%
Northwest
12.4%
Southwest
0.1%
Southeast
0.5%
AsunciĆ³n Southwest
82.1%
Northwest
5.9%
Northeast
4.9%
Southeast
3.6%
Alexandria Northeast
81.3%
Northwest
10.1%
Southwest
1.6%
Southeast
3.4%
Amsterdam Northwest
76.2%
Northeast
19.7%
Southwest
0.2%
Southeast
0.4%
Acapulco Northwest
72.5%
Northeast
2.2%
Southwest
20.4%
Southeast
1.2%
Arequipa Southwest
68.6%
Northwest
5.9%
Northeast
11.5%
Southeast
9.7%
Antananarivo Southeast
46.3%
Northwest
4.9%
Northeast
14.1%
Southwest
30.6%
Accra Southwest
37.8%
Northwest
10.7%
Northeast
38.4%
Southeast
9.7%
Antofagasta Southwest
33.2%
Northwest
5.3%
Northeast
33%
Southeast
23.9%
Arusha Southeast
31.2%
Northwest
4.7%
Northeast
47.8%
Southwest
12.3%

Today's Daily Dose

Missing Word
1940s A-Z

Quick Pick
'S' Athletes

Get the Picture
Depp or Bonham Carter

You're not logged in!

Compare scores with friends on all Sporcle quizzes.
OR
Log In

Sporcle TV

Today on Sporcle TV


Watch our educational content, quiz creation guides, and fun videos on Sporcle TV.

Show Comments

Extras

Top Quizzes Today


Score Distribution

Your Account Isn't Verified!

In order to create a playlist on Sporcle, you need to verify the email address you used during registration. Go to your Sporcle Settings to finish the process.

Report this User

Report this user for behavior that violates our Community Guidelines.

Details: